00343nam a2200121Ia 4500008004100000082001000041245003600051250000600087260004900093300000700142630003600149730003600185090123s9999 xx 000 0 und d b21583 aहत्यारा पेन a0 bडायमंड पॉकेट बुक a32 aहत्यारा पेन aहत्यारा पेन